=LDR 00000nam 2200000 4500 =001 INLIS000000000001202 =005 20200921104757 =035 ##$$a 0010-061300000001202 =008 200921################g##########0#ind## =041 ##$$a Ind =082 ##$$a 305.4 =090 ##$$a 305.4, Din-d =245 ##$$a Dinamika gerakan perempuan di Indonesia, /$c Editor Fauzie Ridjal, lusi Margiyani =260 ##$$a Yogyakarta :$b Tiara Wacana,$c 1993 =300 ##$$a x1, 182 hlm, ; $c 14 x 21 cm =650 #4$$a Wanita =650 #4$$a Keadaan Sosial =700 #$$a Rijal, Fauzie =850 ##$$a NBPNMAT =020 ##$$a 979-8120-62-7 =084 ##$$a 305.4 DIN =250 ##$$a cet. 1 =504 ##$$a Biografi penulis: hal.167 =990 ##$$a 69.358/94 =990 ##$$a DW99005347 =990 ##$$a 69.357/94 =990 ##$$a 00033455